000 00702nam a2200229Ia 4500
003 OSt
005 20220923212326.0
006 a|||||r|||| 00| 0
007 ta
008 220922b |||||||| |||| 00| 0 hin d
024 _a152,280
037 _cTextual
040 _aARTS
_cARTS
_bhin
041 _2hin
_ahin
082 _aN144x2:1, 152K4.1
100 _aभोजदेव
245 0 _aभवन निवेश भाग 1, द्विजेन्द्रनाथ शुक्ल अनु
246 _aBhavan nivesh bhāg 1, dvijendranāth shukla anu0
260 _c1964
942 _hN144x2:1, 152K4.1
_cTEXL
_2CC
999 _c307929
_d307929